Международный финансовый менеджмент: учебник и практикум для бакалавриата и магистратуры

Бібліографічні деталі
Автор: Шимко П. Д. Петр Дмитриевич
Співавтор: Санкт-Петербургский государственный экономический университет (СПбГЭУ)
Резюме:Рассмотрены основные проблемы финансового менеджмента международной компании: валютно-финансовая среда международного бизнеса; оценка стоимости активов, капитала и компании: инвестиции международной компании в базовые и производные ценные бумаги, а также в реальные активы; управление оборотными активами. Наряду с традиционными мето­дами оценки инвестиционных проектов изложена альтернативная техноло­гия их обоснования — метод реальных опционов. Строго формализованное, но вместе с тем наглядное и доступное представление материала обуслов­ливает заинтересованное изучение теории финансового менеджмента в условиях международного бизнеса. Содержит примеры, иллюстрирую­щие реальную практику принятия эффективных управленческих решений, а также контрольные задания, позволяющих развить навыки управления международными компаниями.Соответствует Федеральному государственному образовательному стандарту высшего профессионального образования третьего поколения.Для бакалавров, специалистов, магистров, аспирантов, менеожеров ком­паний, а также всех, кто интересуется проблемами современной междуна­родной экономики.
Мова:Російська
Опубліковано: Москва, Юрайт, 2016
Редагування:2-е изд., перераб. и доп.
Предмети:
Формат: Книга
KOHA link:https://koha.lib.tpu.ru/cgi-bin/koha/opac-detail.pl?biblionumber=321388

MARC

LEADER 00000nam0a2200000 4500
001 321388
005 20231102003353.0
010 |a 9785991638838 
035 |a (RuTPU)RU\TPU\book\346942 
035 |a RU\TPU\book\125604 
090 |a 321388 
100 |a 20070517d2016 m y0rusy50 ca 
101 0 |a rus 
102 |a RU 
105 |a a j 001zy 
200 1 |a Международный финансовый менеджмент  |e учебник и практикум для бакалавриата и магистратуры  |f П. Д. Шимко 
205 |a 2-е изд., перераб. и доп. 
210 |a Москва  |c Юрайт  |d 2016 
215 |a 494 с.  |c ил. 
320 |a Литература: с. 479-482 
330 |a Рассмотрены основные проблемы финансового менеджмента международной компании: валютно-финансовая среда международного бизнеса; оценка стоимости активов, капитала и компании: инвестиции международной компании в базовые и производные ценные бумаги, а также в реальные активы; управление оборотными активами. Наряду с традиционными мето­дами оценки инвестиционных проектов изложена альтернативная техноло­гия их обоснования — метод реальных опционов. Строго формализованное, но вместе с тем наглядное и доступное представление материала обуслов­ливает заинтересованное изучение теории финансового менеджмента в условиях международного бизнеса. Содержит примеры, иллюстрирую­щие реальную практику принятия эффективных управленческих решений, а также контрольные задания, позволяющих развить навыки управления международными компаниями.Соответствует Федеральному государственному образовательному стандарту высшего профессионального образования третьего поколения.Для бакалавров, специалистов, магистров, аспирантов, менеожеров ком­паний, а также всех, кто интересуется проблемами современной междуна­родной экономики. 
606 1 |a Международные финансы  |2 stltpush  |3 (RuTPU)RU\TPU\subj\69897  |9 84558 
610 1 |a экономика 
610 1 |a мировая экономика 
610 1 |a международный бизнес 
610 1 |a международные финансы 
610 1 |a международные компании 
610 1 |a валютно-финансовая система 
610 1 |a валютный курс 
610 1 |a риски 
610 1 |a управление 
610 1 |a прогнозирование 
610 1 |a активы 
610 1 |a оценка 
610 1 |a стоимость 
610 1 |a инвестиции 
610 1 |a ценные бумаги 
610 1 |a доходность 
610 1 |a международный портфель ценных бумаг 
610 1 |a опционы 
610 1 |a капитал 
610 1 |a структура 
610 1 |a дивидендная политика 
610 1 |a реальные активы 
610 1 |a учебные пособия 
610 1 |a менеджмент 
610 1 |a практикумы 
686 |a У526я73  |v LBC/SL-A  |2 rubbk 
700 1 |a Шимко  |b П. Д.  |g Петр Дмитриевич 
712 0 2 |a Санкт-Петербургский государственный экономический университет (СПбГЭУ)  |2 stltpush  |3 (RuTPU)RU\TPU\col\18811 
801 1 |a RU  |b 63413507  |c 20160824 
801 2 |a RU  |b 63413507  |c 20160930  |g RCR 
900 |a Финансовый менеджмент 
942 |c BK 
951 |l 8 
959 |a 56/20160824  |d 1  |e 829,00  |f ЧЗГЛ:1